[Event "GER-ch U18 sf Berlin Online"]
[Site "Playchess.com INT"]
[Date "2020.05.01"]
[Round "5"]
[White "Braun, Matthieu"]
[Black "Hoffmann, Carl Felix"]
[Result "0-1"]
[WhiteElo "1620"]
[BlackElo "1620"]
[PlyCount "66"]
[EventDate "2020.05.01"]
[EventType "swiss (blitz)"]
[EventRounds "13"]
[EventCountry "GER"]
[SourceTitle "CBM 195 Extra"]
[Source "ChessBase"]
[SourceDate "2020.05.31"]
[SourceVersion "1"]
[SourceVersionDate "2020.05.31"]
[SourceQuality "1"]

1. d4 d5 2. c3 Nc6 3. Bf4 Bf5 4. e3 Nf6 5. Bb5 a6 6. Bxc6+ bxc6 7. Nf3 e6 8. 0-0 Bd6 9. Nbd2 Bxf4 10. exf4 0-0 11. c4 dxc4 12. Nxc4 Be4 13. h3 Rb8 14. Rb1 Qd5 15. Ne3 Rbd8 16. Nxd5 Bxd5 17. a4 Be4 18. Rc1 Rb8 19. b3 Bd5 20. Rb1 Be4 21. b4 Bxb1 22. Qxb1 Ne4 23. Re1 Nc3 24. Rc1 Nxb1 25. Rxb1 Rfe8 26. Nd2 Red8 27. Nc4 Rd7 28. b5 cxb5 29. axb5 axb5 30. Na5 Rxd4 31. Nc6 Rbd8 32. Nxd4 Rxd4 33. Rb2 Rd1+ 0-1

[Event "GER-ch U18 sf Berlin Online"]
[Site "Playchess.com INT"]
[Date "2020.05.01"]
[Round "2"]
[White "Hoffmann, Carl Felix"]
[Black "Dietrich, Thorben"]
[Result "0-1"]
[WhiteElo "1620"]
[BlackElo "1620"]
[PlyCount "40"]
[EventDate "2020.05.01"]
[EventType "swiss (blitz)"]
[EventRounds "13"]
[EventCountry "GER"]
[SourceTitle "CBM 195 Extra"]
[Source "ChessBase"]
[SourceDate "2020.05.31"]
[SourceVersion "1"]
[SourceVersionDate "2020.05.31"]
[SourceQuality "1"]

1. e4 e5 2. Nf3 Nc6 3. Bc4 Nf6 4. Nc3 Bb4 5. d3 Bxc3+ 6. bxc3 d5 7. exd5 Nxd5 8. 0-0 Be6 9. d4 f6 10. Ba3 Qd7 11. Bc5 0-0-0 12. Qb1 b6 13. Qb5 bxc5 14. Rab1 Nb6 15. Rb3 Bxc4 16. Qa6+ Bxa6 17. Rbb1 Bxf1 18. Kxf1 Qd5 19. a4 Nxa4 20. Ra1 Nxc3 0-1

[Event "GER-ch U18 sf Berlin Online"]
[Site "Playchess.com INT"]
[Date "2020.05.01"]
[Round "3"]
[White "Hoffmann, Carl Felix"]
[Black "Jiang, Philipp"]
[Result "0-1"]
[WhiteElo "1620"]
[BlackElo "1620"]
[PlyCount "58"]
[EventDate "2020.05.01"]
[EventType "swiss (blitz)"]
[EventRounds "13"]
[EventCountry "GER"]
[SourceTitle "CBM 195 Extra"]
[Source "ChessBase"]
[SourceDate "2020.05.31"]
[SourceVersion "1"]
[SourceVersionDate "2020.05.31"]
[SourceQuality "1"]

1. e4 e5 2. Nf3 Nc6 3. Bc4 Nf6 4. Nc3 Nxe4 5. Nxe4 d5 6. Bxd5 Qxd5 7. d3 Qd6 8. Bg5 Qe6 9. Nc5 Bxc5 10. a3 h6 11. Be3 Bxe3 12. fxe3 0-0 13. 0-0 Rd8 14. Nh4 e4 15. Qh5 exd3 16. cxd3 Qxe3+ 17. Kh1 Rxd3 18. Nf5 Qg5 19. g4 Qxh5 20. gxh5 Bxf5 21. Rxf5 Rad8 22. Rff1 Ne5 23. Rfe1 Nf3 24. Rf1 Nh4 25. Rg1 f6 26. Rgf1 Kf7 27. Rg1 Rd2 28. Rab1 Nf3 29. Rgf1 Rxh2# 0-1

[Event "GER-ch U18 sf Berlin Online"]
[Site "Playchess.com INT"]
[Date "2020.05.01"]
[Round "12"]
[White "Hoffmann, Carl Felix"]
[Black "Warken, Samuel"]
[Result "0-1"]
[WhiteElo "1620"]
[BlackElo "1620"]
[PlyCount "98"]
[EventDate "2020.05.01"]
[EventType "swiss (blitz)"]
[EventRounds "13"]
[EventCountry "GER"]
[SourceTitle "CBM 195 Extra"]
[Source "ChessBase"]
[SourceDate "2020.05.31"]
[SourceVersion "1"]
[SourceVersionDate "2020.05.31"]
[SourceQuality "1"]

1. e4 e5 2. Nf3 Nc6 3. Bc4 Nf6 4. Nc3 a6 5. d3 Bc5 6. Bg5 h6 7. Bxf6 Qxf6 8. h3 h5 9. a3 Bd4 10. Nxd4 exd4 11. Nd5 Qd8 12. h4 b5 13. Bb3 Na5 14. g3 Nxb3 15. Rb1 Nc5 16. g4 hxg4 17. Qxg4 d6 18. Qxg7 Rf8 19. Nf6+ Ke7 20. Qg5 Ke6 21. Nd5 Qxg5 22. hxg5 Bb7 23. Nxc7+ Kd7 24. Nxa8 Bxa8 25. Ke2 Rg8 26. Rh2 Ne6 27. Rbh1 Nf4+ 28. Kf3 Ne6 29. Rh8 Rxh8 30. Rxh8 Bc6 31. Rf8 Ke7 32. Rh8 Nxg5+ 33. Kf4 Ne6+ 34. Kf5 a5 35. Rh6 Bd7 36. f4 Ng7+ 37. Kg5 f6+ 38. Kg6 Ne6 39. Kh7 Nf8+ 40. Kg8 Ne6 41. Kh7 Nxf4 42. Kg8 Be6+ 43. Kh7 Ne2 44. Kh8 b4 45. Kh7 bxa3 46. Kh8 axb2 47. Kh7 b1Q 48. Kh8 Qb8+ 49. Kh7 Qg8# 0-1